ប្រសីទ្ធិភាពសេដ្ឋកិច្ចនៃផលិតកម្មស្រូវប្រាំងនៅខេត្តព្រៃវែង ( economic efficiency of dry season rice in preyveng province) (Record no. 377)

000 -LEADER
fixed length control field 00592nam a22001577a 4500
003 - CONTROL NUMBER IDENTIFIER
control field OSt
005 - DATE AND TIME OF LATEST TRANSACTION
control field 20150913151812.0
008 - FIXED-LENGTH DATA ELEMENTS--GENERAL INFORMATION
fixed length control field 150913b xxu||||| |||| 00| 0 eng d
040 ## - CATALOGING SOURCE
Transcribing agency RUA
082 ## - DEWEY DECIMAL CLASSIFICATION NUMBER
Classification number AGR KAO 1998 B020 Or.1
100 ## - MAIN ENTRY--PERSONAL NAME
9 (RLIN) 398
Personal name KAO, SOKDETH.
245 ## - TITLE STATEMENT
Title ប្រសីទ្ធិភាពសេដ្ឋកិច្ចនៃផលិតកម្មស្រូវប្រាំងនៅខេត្តព្រៃវែង ( economic efficiency of dry season rice in preyveng province)
260 ## - PUBLICATION, DISTRIBUTION, ETC. (IMPRINT)
Place of publication, distribution, etc. Phnom Penh
Name of publisher, distributor, etc. RUA
Date of publication, distribution, etc. 1998
300 ## - PHYSICAL DESCRIPTION
Extent 59p.
Other physical details ill.
Dimensions 29cm.
942 ## - ADDED ENTRY ELEMENTS (KOHA)
Source of classification or shelving scheme
Koha item type AGR
Holdings
Price effective from Date last seen Permanent Location Not for loan Date acquired Source of classification or shelving scheme Koha item type Lost status Withdrawn status Date last checked out Total Checkouts Shelving location Damaged status Barcode Current Location Full call number
2015-09-132015-09-13Library Block B 2015-09-13 AGR    B020 RUA004295Library Block BAGR KAO 1998 B020 Or.1
2015-09-132015-09-13Library Block B 2015-09-13 AGR    B020 RUA005189Library Block BAGR KAO 1998 B020 Or.2
2015-09-132015-09-13Library Block B 2015-09-13 AGR    B020 RUA005262Library Block BAGR KAO 1998 B020 Or.3
2015-09-292018-03-05Library Block B 2015-09-29 AGR  2018-02-122B020 RUA008885Library Block BAGR KAO 1998 B020 Or.4
2015-09-292015-09-29Library Block B 2015-09-29 AGR    B020 RUA008884Library Block BAGR KAO 1998 B020 Or.5
មជ្ឈមណ្ឌលឯការនៃសាកលវិទ្យាល័យភូមិន្ទកសិកម្មចំការដូង

Powered by Koha